| 000 | 00692nam a22002297a 4500 | ||
|---|---|---|---|
| 003 | UA-OsUOA | ||
| 001 | 53253 | ||
| 007 | ta | ||
| 008 | 20080326b un ||||| |||| 00| 0 ukr d | ||
| 100 | _aСавченко С. | ||
| 090 |
_a94(477).02:239 _bС13 |
||
| 942 | _cBK | ||
| 040 |
_aUA-OsUOA _bukr _cUA-OsUOA _dUA-OsUOA |
||
| 245 | _aДавня русь у полемічній літературі кінця XVI-XVII століття | ||
| 300 | _a188 с. | ||
| 955 | _a1 | ||
| 041 | _aukr | ||
| 080 | _a94(477).02:239 | ||
| 260 |
_aДніпропетровськ _bІнновація _c2007 |
||
| 650 | 7 |
_a9 Географія. Біографії. Історія _2UDC |
|
| 999 |
_c339343 _d339343 |
||